|
|
|
|
| LEADER |
00000nam0a2200000 4500 |
| 001 |
333003 |
| 005 |
20231102004518.0 |
| 035 |
|
|
|a (RuTPU)RU\TPU\book\358998
|
| 035 |
|
|
|a RU\TPU\book\358997
|
| 090 |
|
|
|a 333003
|
| 100 |
|
|
|a 20170605d1980 k y0rusy50 ca
|
| 101 |
0 |
|
|a rus
|
| 102 |
|
|
|a EE
|
| 105 |
|
|
|a a z 001zy
|
| 200 |
1 |
|
|a Расчет электромагнитных и тепловых режимов магнитогидродинамических и линейных электродвигателей
|e [сборник]
|f Таллинский политехнический институт (ТПИ)
|
| 210 |
|
|
|a Таллин
|c Изд-во ТалПИ
|d 1980
|
| 215 |
|
|
|a 93 с.
|c ил.
|
| 225 |
1 |
|
|a Труды Таллинского политехнического института
|v Вып. 500
|
| 225 |
1 |
|
|a Автоматизированные магнитогидродинамические и линейные электроприводы
|v [Сб.] 1
|
| 320 |
|
|
|a Библиогр. в конце статей
|
| 606 |
1 |
|
|a Электроприводы
|2 stltpush
|3 (RuTPU)RU\TPU\subj\20689
|9 45775
|
| 610 |
1 |
|
|a гидродинамика
|
| 610 |
1 |
|
|a модели
|
| 610 |
1 |
|
|a исследования
|
| 610 |
1 |
|
|a переходные режимы
|
| 610 |
1 |
|
|a тиристорные приводы
|
| 610 |
1 |
|
|a тепловые процессы
|
| 675 |
|
|
|a 62-83
|v 3
|
| 712 |
0 |
2 |
|a Таллинский политехнический институт (ТПИ)
|c (1941-1989)
|2 stltpush
|3 (RuTPU)RU\TPU\col\12417
|
| 801 |
|
1 |
|a RU
|b 63413507
|c 20140506
|
| 801 |
|
2 |
|a RU
|b 63413507
|c 20180208
|g RCR
|
| 942 |
|
|
|c BK
|